[Event "Greek Team Championship"]
[Site "chess24.com"]
[Date "2017.07.08"]
[Round "7"]
[White "Michaelides, Konstantinos"]
[Black "Sotiropoulos, Anastasios-Theohar"]
[Result "0-1"]
[Board "9"]
[WhiteElo "2046"]
[WhiteTitle "CM"]
[WhiteCountry "CYP"]
[WhiteFideId "5901871"]
[WhiteEloChange "-17"]
[BlackElo "1757"]
[BlackCountry "GRE"]
[BlackFideId "4292243"]
[BlackEloChange "17"]

1. e4 {[%clk 1:28:32]} c6 {[%clk 1:30:56]} 2. d4 {[%clk 1:28:49]} d5 {[%clk
1:31:21]} 3. e5 {[%clk 1:29:10]} Bf5 {[%clk 1:31:45]} 4. g4 {[%clk 1:29:17]} Bg6
{[%clk 1:31:26]} 5. h4 {[%clk 1:29:29]} h5 {[%clk 1:31:50]} 6. e6 {[%clk
1:27:20]} Qd6 {[%clk 1:32:12]} 7. exf7+ {[%clk 1:26:48]} Bxf7 {[%clk 1:32:39]} 8.
g5 {[%clk 1:27:04]} Nd7 {[%clk 1:30:12]} 9. f4 {[%clk 1:27:06]} O-O-O {[%clk
1:29:50]} 10. Nf3 {[%clk 1:26:45]} e6 {[%clk 1:26:37]} 11. Nc3 {[%clk 1:26:49]}
Bg6 {[%clk 1:18:59]} 12. Be3 {[%clk 1:22:24]} Ne7 {[%clk 1:18:54]} 13. Qd2 {[%clk
1:22:00]} Bf5 {[%clk 1:16:28]} 14. O-O-O {[%clk 1:13:27]} Kb8 {[%clk 1:15:46]}
15. Be2 {[%clk 1:11:10]} g6 {[%clk 1:14:05]} 16. Ne5 {[%clk 0:53:25]} Nxe5 {[%clk
0:58:39]} 17. dxe5 {[%clk 0:52:06]} Qc7 {[%clk 0:57:49]} 18. Na4 {[%clk 0:40:19]}
b6 {[%clk 0:48:06]} 19. b4 {[%clk 0:38:50]} Be4 {[%clk 0:40:14]} 20. Rh3 {[%clk
0:32:55]} Nf5 {[%clk 0:40:03]} 21. Bf2 {[%clk 0:32:59]} Be7 {[%clk 0:29:29]} 22.
Rb3 {[%clk 0:30:27]} d4 {[%clk 0:26:48]} 23. Bf3 {[%clk 0:25:35]} Bxf3 {[%clk
0:24:36]} 24. Rxf3 {[%clk 0:26:03]} Rd5 {[%clk 0:23:36]} 25. Kb1 {[%clk 0:24:05]}
Rhd8 {[%clk 0:22:43]} 26. Ka1 {[%clk 0:20:52]} Ka8 {[%clk 0:22:50]} 27. Nb2
{[%clk 0:18:16]} c5 {[%clk 0:21:49]} 28. bxc5 {[%clk 0:16:34]} bxc5 {[%clk
0:18:24]} 29. Qd3 {[%clk 0:14:53]} c4 {[%clk 0:15:07]} 30. Nxc4 {[%clk 0:08:56]}
Rc8 {[%clk 0:14:14]} 31. Nb2 {[%clk 0:06:31]} Qxc2 {[%clk 0:09:06]} 32. Qxc2
{[%clk 0:04:36]} Rxc2 {[%clk 0:09:34]} 33. Kb1 {[%clk 0:04:56]} Re2 {[%clk
0:04:41]} 34. Rc1 {[%clk 0:02:21]} d3 {[%clk 0:03:12]} 35. Nxd3 {[%clk 0:01:11]}
Ba3 {[%clk 0:01:27]} 36. Rc3 {[%clk 0:00:46]} Rb5+ {[%clk 0:00:40]} 37. Rb3
{[%clk 0:00:57]} Ra5 {[%clk 0:00:37]} 38. Nb4 {[%clk 0:00:45]} Bxb4 {[%clk
0:00:52]} 39. Rxb4 {[%clk 0:01:14]} Rexa2 {[%clk 0:00:41]} 40. Rfb3 {[%clk
0:31:15]} Ra1+ {[%clk 0:30:49]} 41. Kc2 {[%clk 0:26:19]} R5a2+ {[%clk 0:24:23]}
42. Kd3 {[%clk 0:23:29]} Rd1+ {[%clk 0:23:25]} 43. Ke4 {[%clk 0:22:25]} Rd8
{[%clk 0:21:31]} 44. Bc5 {[%clk 0:13:44]} Ra6 {[%clk 0:15:07]} 45. Bd6 {[%clk
0:07:11]} Rb6 {[%clk 0:08:04]} 46. Rxb6 {[%clk 0:06:55]} axb6 {[%clk 0:08:27]}
47. Rxb6 {[%clk 0:07:12]} Re8 {[%clk 0:05:56]} 48. Rc6 {[%clk 0:01:42]} Nxh4
{[%clk 0:03:28]} 49. Kd4 {[%clk 0:01:15]} Kb7 {[%clk 0:02:29]} 50. Rc7+ {[%clk
0:01:02]} Kb6 {[%clk 0:02:57]} 51. Kc4 {[%clk 0:00:50]} Nf5 {[%clk 0:02:55]} 52.
Kb4 {[%clk 0:00:33]} Rh8 {[%clk 0:02:26]} 53. Rc3 {[%clk 0:00:36]} h4 {[%clk
0:02:32]} 54. Bc5+ {[%clk 0:00:54]} Kc6 {[%clk 0:02:39]} 55. Kc4 {[%clk 0:00:45]}
h3 {[%clk 0:02:53]} 56. Bg1 {[%clk 0:00:35]} h2 {[%clk 0:03:00]} 57. Kd3+ {[%clk
0:00:55]} Kd7 {[%clk 0:03:22]} 58. Bxh2 {[%clk 0:01:04]} Rxh2 {[%clk 0:03:50]}
59. Ke4 {[%clk 0:00:50]} Rg2 {[%clk 0:03:12]} 60. Ra3 {[%clk 0:00:35]} Rg3 {[%clk
0:02:30]} 61. Ra7+ {[%clk 0:00:41]} Kc8 {[%clk 0:02:48]} 62. Ra8+ {[%clk
0:00:41]} Kb7 {[%clk 0:02:59]} 63. Ra3 {[%clk 0:01:05]} Nd6+ {[%clk 0:01:35]} 64.
exd6 {[%clk 0:01:24]} Rxa3 {[%clk 0:01:59]} 65. Ke5 {[%clk 0:01:51]} Re3+ {[%clk
0:02:06]} 66. Kf6 {[%clk 0:02:14]} Kc6 {[%clk 0:02:19]} 67. Kxg6 {[%clk 0:01:59]}
Kxd6 {[%clk 0:02:39]} 68. f5 {[%clk 0:01:24]} exf5 {[%clk 0:02:12]} 69. Kxf5
{[%clk 0:01:52]} Ke7 {[%clk 0:02:19]} 0-1

[Event "Greek Team Championship"]
[Site "chess24.com"]
[Date "2017.07.08"]
[Round "7"]
[White "Gkaripis, Marios Ilias"]
[Black "Gavalakis, Dimitrios"]
[Result "1/2-1/2"]
[Board "10"]
[WhiteElo "1187"]
[WhiteCountry "GRE"]
[WhiteFideId "25825801"]
[WhiteEloChange "-1"]
[BlackElo "1149"]
[BlackCountry "GRE"]
[BlackFideId "25843575"]
[BlackEloChange "1"]

1. d4 {[%clk 1:30:56]} d5 {[%clk 1:28:24]} 2. c4 {[%clk 1:31:12]} e6 {[%clk
1:28:18]} 3. Nc3 {[%clk 1:31:29]} Nf6 {[%clk 1:28:26]} 4. Bg5 {[%clk 1:31:36]}
Nbd7 {[%clk 1:28:46]} 5. Nf3 {[%clk 1:31:42]} c6 {[%clk 1:27:02]} 6. e3 {[%clk
1:31:32]} Qa5 {[%clk 1:27:12]} 7. Nd2 {[%clk 1:31:44]} Bb4 {[%clk 1:27:17]} 8.
Qc2 {[%clk 1:31:00]} e5 {[%clk 1:20:34]} 9. Bxf6 {[%clk 1:27:29]} Nxf6 {[%clk
1:20:54]} 10. dxe5 {[%clk 1:25:59]} Ne4 {[%clk 1:20:38]} 11. Ndxe4 {[%clk
1:23:15]} dxe4 {[%clk 1:20:40]} 12. Be2 {[%clk 1:18:56]} Qxe5 {[%clk 1:19:05]}
13. a3 {[%clk 1:15:45]} Bxc3+ {[%clk 1:12:35]} 14. Qxc3 {[%clk 1:14:35]} Qxc3+
{[%clk 1:09:40]} 15. bxc3 {[%clk 1:15:04]} b6 {[%clk 1:09:44]} 16. O-O-O {[%clk
1:12:08]} c5 {[%clk 1:08:56]} 17. Rd5 {[%clk 1:05:07]} f6 {[%clk 1:07:12]} 18.
Rhd1 {[%clk 1:03:38]} Be6 {[%clk 1:06:56]} 19. Rd6 {[%clk 1:02:42]} Ke7 {[%clk
1:07:10]} 20. Kc2 {[%clk 0:57:32]} Rhd8 {[%clk 1:05:50]} 21. Rxd8 {[%clk
0:56:09]} Rxd8 {[%clk 1:06:10]} 22. Rxd8 {[%clk 0:55:55]} Kxd8 {[%clk 1:06:27]}
23. f3 {[%clk 0:51:50]} f5 {[%clk 1:06:38]} 24. fxe4 {[%clk 0:49:04]} fxe4 {[%clk
1:06:52]} 25. g3 {[%clk 0:48:00]} Ke7 {[%clk 1:05:02]} 26. a4 {[%clk 0:44:40]}
Bd7 {[%clk 1:04:33]} 27. Kb3 {[%clk 0:44:42]} a6 {[%clk 1:04:33]} 28. Bf1 {[%clk
0:42:05]} Kd6 {[%clk 1:00:02]} 29. Bg2 {[%clk 0:39:41]} Bc6 {[%clk 0:59:11]} 30.
Bf1 {[%clk 0:37:58]} Ke5 {[%clk 0:58:11]} 31. Be2 {[%clk 0:36:24]} Kf5 {[%clk
0:57:01]} 32. Ka3 {[%clk 0:34:09]} Kg5 {[%clk 0:56:16]} 33. Kb3 {[%clk 0:32:35]}
h5 {[%clk 0:55:33]} 34. h3 {[%clk 0:31:29]} Bd7 {[%clk 0:45:04]} 35. Bf1 {[%clk
0:30:39]} Kf6 {[%clk 0:43:36]} 36. Ka3 {[%clk 0:29:38]} g5 {[%clk 0:42:32]}
1/2-1/2

[Event "Greek Team Championship"]
[Site "chess24.com"]
[Date "2017.07.08"]
[Round "7"]
[White "Kelires, Andreas"]
[Black "Georgiev, Kiril"]
[Result "1/2-1/2"]
[Board "1"]
[WhiteElo "2509"]
[WhiteTitle "GM"]
[WhiteCountry "GRE"]
[WhiteFideId "5900727"]
[WhiteEloChange "2"]
[BlackElo "2640"]
[BlackTitle "GM"]
[BlackCountry "BUL"]
[BlackFideId "2900017"]
[BlackEloChange "-2"]

1. d4 {[%clk 1:30:56]} Nf6 {[%clk 1:30:30]} 2. c4 {[%clk 1:31:16]} e6 {[%clk
1:30:41]} 3. g3 {[%clk 1:31:35]} d5 {[%clk 1:28:06]} 4. Bg2 {[%clk 1:31:24]} Be7
{[%clk 1:26:31]} 5. Nf3 {[%clk 1:30:03]} O-O {[%clk 1:26:22]} 6. O-O {[%clk
1:30:27]} dxc4 {[%clk 1:26:10]} 7. Ne5 {[%clk 1:29:14]} Nc6 {[%clk 1:24:46]} 8.
Nxc6 {[%clk 1:28:23]} bxc6 {[%clk 1:25:07]} 9. Na3 {[%clk 1:28:43]} Bxa3 {[%clk
1:23:11]} 10. bxa3 {[%clk 1:29:07]} Nd5 {[%clk 1:22:41]} 11. Qa4 {[%clk 1:05:20]}
Nb6 {[%clk 1:21:33]} 12. Qa5 {[%clk 1:04:31]} Bb7 {[%clk 1:15:52]} 13. Rd1 {[%clk
1:01:01]} Qe7 {[%clk 1:10:07]} 14. e4 {[%clk 0:55:45]} Rfd8 {[%clk 1:09:10]} 15.
Bb2 {[%clk 0:46:45]} e5 {[%clk 1:01:48]} 16. h4 {[%clk 0:36:58]} exd4 {[%clk
0:59:13]} 17. Bxd4 {[%clk 0:35:31]} Rd7 {[%clk 0:57:05]} 18. Bc5 {[%clk 0:26:02]}
Qe6 {[%clk 0:56:00]} 19. Kh2 {[%clk 0:23:19]} Rxd1 {[%clk 0:53:56]} 20. Rxd1
{[%clk 0:23:45]} h6 {[%clk 0:54:14]} 21. f3 {[%clk 0:23:31]} c3 {[%clk 0:52:43]}
22. Qxc3 {[%clk 0:20:32]} Na4 {[%clk 0:46:19]} 23. Qb4 {[%clk 0:20:53]} Nxc5
{[%clk 0:46:36]} 24. Qxc5 {[%clk 0:21:21]} Qxa2 {[%clk 0:43:56]} 25. Qa5 {[%clk
0:21:35]} Rf8 {[%clk 0:42:40]} 26. Rd7 {[%clk 0:16:08]} Bc8 {[%clk 0:41:03]} 27.
Rxc7 {[%clk 0:15:03]} Be6 {[%clk 0:41:16]} 28. Rxc6 {[%clk 0:14:12]} Rb8 {[%clk
0:40:47]} 29. Qxa7 {[%clk 0:11:22]} Rb2 {[%clk 0:37:30]} 30. Qg1 {[%clk 0:11:44]}
Qxa3 {[%clk 0:34:02]} 31. Qf1 {[%clk 0:11:46]} Qa2 {[%clk 0:31:19]} 32. Rc1
{[%clk 0:10:36]} Rf2 {[%clk 0:30:07]} 33. Qg1 {[%clk 0:11:02]} Rxf3 {[%clk
0:29:30]} 34. Ra1 {[%clk 0:11:13]} Qb2 {[%clk 0:26:56]} 35. Rb1 {[%clk 0:11:31]}
Qc2 {[%clk 0:25:13]} 36. Rc1 {[%clk 0:11:30]} Qf2 {[%clk 0:24:54]} 37. Qxf2
{[%clk 0:11:47]} Rxf2 {[%clk 0:25:21]} 38. Kg1 {[%clk 0:08:19]} Rb2 {[%clk
0:25:00]} 39. Bf3 {[%clk 0:06:49]} g6 {[%clk 0:25:12]} 40. Re1 {[%clk 0:36:25]}
Kg7 {[%clk 0:55:36]} 41. Re2 {[%clk 0:36:31]} Rb5 {[%clk 0:55:27]} 42. Kf2 {[%clk
0:36:41]} Kf6 {[%clk 0:55:52]} 43. Rd2 {[%clk 0:35:43]} Rb8 {[%clk 0:55:28]} 44.
Ke3 {[%clk 0:33:36]} Ke5 {[%clk 0:55:42]} 45. Rd3 {[%clk 0:31:55]} Bc4 {[%clk
0:55:24]} 46. Rc3 {[%clk 0:29:47]} Rb4 {[%clk 0:55:44]} 47. Bg2 {[%clk 0:29:41]}
Be6 {[%clk 0:53:17]} 48. Rc5+ {[%clk 0:28:28]} 1/2-1/2

[Event "Greek Team Championship"]
[Site "chess24.com"]
[Date "2017.07.08"]
[Round "7"]
[White "Managadze, Nikoloz"]
[Black "Hristodoulou, Panagiotis"]
[Result "1-0"]
[Board "2"]
[WhiteElo "2454"]
[WhiteTitle "IM"]
[WhiteCountry "GEO"]
[WhiteFideId "13600575"]
[WhiteEloChange "2"]
[BlackElo "2261"]
[BlackTitle "FM"]
[BlackCountry "GRE"]
[BlackFideId "4214340"]
[BlackEloChange "-5"]

1. c4 {[%clk 1:30:55]} c6 {[%clk 1:23:30]} 2. Nf3 {[%clk 1:30:43]} d5 {[%clk
1:23:47]} 3. e3 {[%clk 1:30:46]} Nf6 {[%clk 1:24:11]} 4. Nc3 {[%clk 1:31:08]} e6
{[%clk 1:24:35]} 5. Qc2 {[%clk 1:30:34]} Bd6 {[%clk 1:24:58]} 6. b3 {[%clk
1:30:48]} O-O {[%clk 1:25:23]} 7. Bb2 {[%clk 1:31:04]} e5 {[%clk 1:22:05]} 8. h3
{[%clk 1:10:33]} Re8 {[%clk 1:15:01]} 9. Be2 {[%clk 1:09:28]} a6 {[%clk 1:10:42]}
10. g4 {[%clk 1:03:56]} e4 {[%clk 0:56:20]} 11. Nh4 {[%clk 1:01:56]} Be5 {[%clk
0:56:37]} 12. O-O-O {[%clk 0:55:42]} Nfd7 {[%clk 0:48:54]} 13. Nf5 {[%clk
0:50:20]} Nc5 {[%clk 0:48:41]} 14. d4 {[%clk 0:49:26]} exd3 {[%clk 0:47:39]} 15.
Bxd3 {[%clk 0:49:29]} Bxf5 {[%clk 0:26:11]} 16. Bxf5 {[%clk 0:41:48]} g6 {[%clk
0:26:27]} 17. cxd5 {[%clk 0:42:12]} gxf5 {[%clk 0:25:15]} 18. gxf5 {[%clk
0:42:14]} cxd5 {[%clk 0:10:18]} 19. Rhg1+ {[%clk 0:38:32]} Kf8 {[%clk 0:09:26]}
20. Nxd5 {[%clk 0:37:25]} Nbd7 {[%clk 0:09:11]} 21. f6 {[%clk 0:33:37]} Bxb2+
{[%clk 0:06:23]} 22. Qxb2 {[%clk 0:20:39]} Re6 {[%clk 0:06:27]} 23. Qd4 {[%clk
0:19:19]} Re4 {[%clk 0:06:02]} 24. Ne7 {[%clk 0:18:23]} Ke8 {[%clk 0:00:33]} 25.
Rg8+ {[%clk 0:18:21]} Nf8 {[%clk 0:01:01]} 26. Qxd8+ {[%clk 0:18:40]} Rxd8 {[%clk
0:01:03]} 27. Rxf8+ {[%clk 0:19:05]} 1-0

[Event "Greek Team Championship"]
[Site "chess24.com"]
[Date "2017.07.08"]
[Round "7"]
[White "Anagnostopoulos, Konstantinos"]
[Black "Papadopoulos, Georgios"]
[Result "1/2-1/2"]
[Board "3"]
[WhiteElo "2200"]
[WhiteCountry "GRE"]
[WhiteFideId "4251067"]
[WhiteEloChange "1"]
[BlackElo "2240"]
[BlackCountry "GRE"]
[BlackFideId "4210271"]
[BlackEloChange "-1"]

1. d4 {[%clk 1:30:15]} Nf6 {[%clk 1:26:45]} 2. c4 {[%clk 1:30:41]} d6 {[%clk
1:27:10]} 3. Nc3 {[%clk 1:30:58]} g6 {[%clk 1:27:36]} 4. e4 {[%clk 1:31:19]} Bg7
{[%clk 1:27:53]} 5. h3 {[%clk 1:31:35]} O-O {[%clk 1:27:40]} 6. Be3 {[%clk
1:32:01]} c5 {[%clk 1:26:53]} 7. Nf3 {[%clk 1:31:51]} Qa5 {[%clk 1:18:30]} 8. Qd2
{[%clk 1:26:19]} a6 {[%clk 1:17:04]} 9. Bd3 {[%clk 1:23:42]} b5 {[%clk 1:09:52]}
10. O-O {[%clk 1:15:52]} cxd4 {[%clk 0:38:06]} 11. Nxd4 {[%clk 1:11:54]} bxc4
{[%clk 0:37:00]} 12. Bxc4 {[%clk 1:12:18]} Bb7 {[%clk 0:36:51]} 13. Rfc1 {[%clk
0:54:07]} Qh5 {[%clk 0:21:02]} 14. Be2 {[%clk 0:49:47]} Qe5 {[%clk 0:19:09]} 15.
f4 {[%clk 0:47:39]} Qa5 {[%clk 0:19:33]} 16. Bf3 {[%clk 0:46:14]} Nfd7 {[%clk
0:13:40]} 17. b4 {[%clk 0:44:34]} Qd8 {[%clk 0:13:51]} 18. Nd5 {[%clk 0:37:28]}
e5 {[%clk 0:13:57]} 19. fxe5 {[%clk 0:37:36]} dxe5 {[%clk 0:12:49]} 20. Nb3
{[%clk 0:36:39]} Nc6 {[%clk 0:12:50]} 21. Rd1 {[%clk 0:35:14]} Nd4 {[%clk
0:12:18]} 22. Nxd4 {[%clk 0:35:20]} exd4 {[%clk 0:12:22]} 23. Bxd4 {[%clk
0:35:28]} Ne5 {[%clk 0:12:34]} 24. Qf4 {[%clk 0:29:04]} Bxd5 {[%clk 0:05:21]} 25.
Bxe5 {[%clk 0:25:22]} Qb6+ {[%clk 0:04:48]} 26. Kh1 {[%clk 0:25:37]} Bxe5 {[%clk
0:05:03]} 27. Qxe5 {[%clk 0:26:02]} Be6 {[%clk 0:05:04]} 28. a3 {[%clk 0:23:23]}
Rfd8 {[%clk 0:05:03]} 29. Qf6 {[%clk 0:23:01]} Rac8 {[%clk 0:04:17]} 30. Bg4
{[%clk 0:22:05]} Re8 {[%clk 0:02:49]} 31. Rd7 {[%clk 0:15:11]} Qc6 {[%clk
0:02:02]} 32. Bxe6 {[%clk 0:15:24]} Qxe6 {[%clk 0:02:22]} 33. Qxe6 {[%clk
0:15:01]} Rxe6 {[%clk 0:02:47]} 34. Rf1 {[%clk 0:15:28]} Rf8 {[%clk 0:02:46]} 35.
Ra7 {[%clk 0:15:39]} Kg7 {[%clk 0:02:14]} 36. e5 {[%clk 0:14:51]} h5 {[%clk
0:02:07]} 37. a4 {[%clk 0:12:17]} h4 {[%clk 0:02:11]} 38. Rf4 {[%clk 0:11:53]} g5
{[%clk 0:02:17]} 39. Rf5 {[%clk 0:12:15]} Kg6 {[%clk 0:02:05]} 40. Rf1 {[%clk
0:39:40]} Rb6 {[%clk 0:32:06]} 41. a5 {[%clk 0:39:24]} Re6 {[%clk 0:29:16]} 42.
Kg1 {[%clk 0:34:24]} Kg7 {[%clk 0:21:26]} 43. Rf5 {[%clk 0:34:35]} Kg6 {[%clk
0:20:49]} 44. Rf3 {[%clk 0:18:50]} Kg7 {[%clk 0:19:32]} 45. Kf2 {[%clk 0:11:17]}
Rxe5 {[%clk 0:16:28]} 46. Rxa6 {[%clk 0:11:41]} Rc8 {[%clk 0:09:52]} 47. Ra7
{[%clk 0:11:50]} Rc2+ {[%clk 0:07:09]} 48. Kg1 {[%clk 0:12:15]} Rc1+ {[%clk
0:07:20]} 49. Rf1 {[%clk 0:09:20]} Rxf1+ {[%clk 0:07:40]} 50. Kxf1 {[%clk
0:09:47]} Rb5 {[%clk 0:08:07]} 51. a6 {[%clk 0:10:10]} Rxb4 {[%clk 0:08:34]} 52.
Rb7 {[%clk 0:10:35]} Ra4 {[%clk 0:08:51]} 53. a7 {[%clk 0:11:03]} Ra2 {[%clk
0:09:12]} 54. Ke1 {[%clk 0:09:21]} Kg6 {[%clk 0:09:14]} 55. Kd1 {[%clk 0:09:46]}
f6 {[%clk 0:08:06]} 56. Ke1 {[%clk 0:06:20]} Kf5 {[%clk 0:08:15]} 57. Kf1 {[%clk
0:06:32]} Kf4 {[%clk 0:07:30]} 58. Kg1 {[%clk 0:06:47]} f5 {[%clk 0:05:07]}
1/2-1/2

[Event "Greek Team Championship"]
[Site "chess24.com"]
[Date "2017.07.08"]
[Round "7"]
[White "Tassopoulos, Marios"]
[Black "Panagiotakos, Nikolaos"]
[Result "0-1"]
[Board "4"]
[WhiteElo "2173"]
[WhiteTitle "FM"]
[WhiteCountry "GRE"]
[WhiteFideId "4206282"]
[WhiteEloChange "-12"]
[BlackElo "2115"]
[BlackCountry "GRE"]
[BlackFideId "4213246"]
[BlackEloChange "12"]

1. Nf3 {[%clk 1:28:14]} d5 {[%clk 1:25:08]} 2. d4 {[%clk 1:28:08]} Nf6 {[%clk
1:25:11]} 3. c4 {[%clk 1:27:15]} e6 {[%clk 1:25:11]} 4. cxd5 {[%clk 1:23:35]}
exd5 {[%clk 1:25:37]} 5. Nc3 {[%clk 1:23:26]} Be7 {[%clk 1:23:53]} 6. Bg5 {[%clk
1:23:20]} O-O {[%clk 1:23:44]} 7. e3 {[%clk 1:23:29]} c6 {[%clk 1:21:18]} 8. Qc2
{[%clk 1:22:09]} Ne4 {[%clk 1:18:36]} 9. Bxe7 {[%clk 1:12:22]} Qxe7 {[%clk
1:18:59]} 10. Nxe4 {[%clk 1:09:26]} dxe4 {[%clk 1:19:16]} 11. Nd2 {[%clk
1:09:30]} Re8 {[%clk 1:14:42]} 12. Bc4 {[%clk 1:02:38]} Nd7 {[%clk 1:09:10]} 13.
O-O {[%clk 0:52:30]} Nf6 {[%clk 1:07:04]} 14. Rae1 {[%clk 0:52:30]} Be6 {[%clk
1:04:56]} 15. f3 {[%clk 0:36:50]} Bxc4 {[%clk 1:03:05]} 16. Qxc4 {[%clk 0:35:04]}
exf3 {[%clk 1:02:14]} 17. Rxf3 {[%clk 0:33:21]} Rad8 {[%clk 1:00:57]} 18. Ref1
{[%clk 0:27:46]} c5 {[%clk 0:41:18]} 19. Nb3 {[%clk 0:25:11]} cxd4 {[%clk
0:41:38]} 20. exd4 {[%clk 0:24:37]} b6 {[%clk 0:36:47]} 21. h3 {[%clk 0:18:45]}
Rd7 {[%clk 0:31:34]} 22. Rd1 {[%clk 0:09:19]} Nd5 {[%clk 0:29:22]} 23. Rc1 {[%clk
0:07:16]} Qg5 {[%clk 0:24:28]} 24. Qf1 {[%clk 0:03:55]} a5 {[%clk 0:18:01]} 25.
Re1 {[%clk 0:01:37]} Rxe1 {[%clk 0:13:08]} 26. Qxe1 {[%clk 0:02:04]} Re7 {[%clk
0:13:26]} 27. Qc1 {[%clk 0:00:48]} Qxc1+ {[%clk 0:13:46]} 28. Nxc1 {[%clk
0:01:18]} Re4 {[%clk 0:13:13]} 29. Nb3 {[%clk 0:00:40]} a4 {[%clk 0:12:04]} 30.
Nc1 {[%clk 0:00:51]} Rxd4 {[%clk 0:12:16]} 31. Ne2 {[%clk 0:00:52]} Rd2 {[%clk
0:12:09]} 32. Nc3 {[%clk 0:00:39]} Nxc3 {[%clk 0:11:46]} 33. Rxc3 {[%clk
0:01:09]} Kf8 {[%clk 0:10:32]} 34. Rc4 {[%clk 0:00:55]} b5 {[%clk 0:07:19]} 35.
Rb4 {[%clk 0:01:15]} Rd5 {[%clk 0:07:44]} 36. a3 {[%clk 0:01:25]} Ke7 {[%clk
0:08:03]} 37. b3 {[%clk 0:01:12]} axb3 {[%clk 0:08:25]} 38. Rxb3 {[%clk 0:01:41]}
Kd6 {[%clk 0:08:28]} 39. Rc3 {[%clk 0:01:57]} Rd4 {[%clk 0:07:08]} 40. Kf2 {[%clk
0:32:11]} h5 {[%clk 0:34:59]} 41. Ke3 {[%clk 0:24:00]} Ra4 {[%clk 0:34:28]} 42.
Kd2 {[%clk 0:22:17]} h4 {[%clk 0:33:42]} 43. Kc2 {[%clk 0:16:31]} g5 {[%clk
0:27:05]} 44. Kb3 {[%clk 0:14:47]} Rf4 {[%clk 0:26:30]} 45. g3 {[%clk 0:13:25]}
hxg3 {[%clk 0:26:43]} 46. Rxg3 {[%clk 0:13:54]} f6 {[%clk 0:27:01]} 47. Kc3
{[%clk 0:13:08]} Ke5 {[%clk 0:23:18]} 48. Rd3 {[%clk 0:11:25]} Rc4+ {[%clk
0:22:45]} 49. Kb3 {[%clk 0:11:37]} Rd4 {[%clk 0:21:36]} 50. Rc3 {[%clk 0:11:40]}
Rd5 {[%clk 0:21:26]} 51. Rg3 {[%clk 0:04:49]} Kf4 {[%clk 0:20:34]} 52. Rg4+
{[%clk 0:04:43]} Kf5 {[%clk 0:20:57]} 53. Rb4 {[%clk 0:03:58]} Kg6 {[%clk
0:20:56]} 54. h4 {[%clk 0:04:11]} gxh4 {[%clk 0:21:09]} 55. Rxh4 {[%clk 0:04:32]}
f5 {[%clk 0:21:31]} 56. a4 {[%clk 0:01:28]} bxa4+ {[%clk 0:21:56]} 57. Rxa4
{[%clk 0:01:51]} Kg5 {[%clk 0:22:12]} 58. Kc4 {[%clk 0:01:45]} Rd8 {[%clk
0:22:34]} 59. Ra1 {[%clk 0:01:52]} f4 {[%clk 0:22:58]} 60. Rg1+ {[%clk 0:01:38]}
Kh4 {[%clk 0:23:20]} 61. Rf1 {[%clk 0:01:21]} Kg3 {[%clk 0:23:41]} 62. Rg1+
{[%clk 0:01:39]} Kf2 {[%clk 0:24:03]} 63. Rg7 {[%clk 0:01:43]} f3 {[%clk
0:24:27]} 64. Kc3 {[%clk 0:02:03]} Kf1 {[%clk 0:24:38]} 65. Kc2 {[%clk 0:02:10]}
f2 {[%clk 0:24:59]} 66. Rg6 {[%clk 0:02:07]} Rd5 {[%clk 0:25:20]} 67. Rg8 {[%clk
0:01:35]} Ke2 {[%clk 0:25:41]} 68. Re8+ {[%clk 0:01:52]} Kf3 {[%clk 0:26:05]} 69.
Rf8+ {[%clk 0:02:13]} Ke3 {[%clk 0:26:22]} 70. Rf7 {[%clk 0:02:23]} Rd4 {[%clk
0:26:34]} 0-1

[Event "Greek Team Championship"]
[Site "chess24.com"]
[Date "2017.07.08"]
[Round "7"]
[White "Goczo, Melinda"]
[Black "Stefanidi, Maria-Anna"]
[Result "1-0"]
[Board "5"]
[WhiteElo "2189"]
[WhiteTitle "WIM"]
[WhiteCountry "HUN"]
[WhiteFideId "711985"]
[WhiteEloChange "5"]
[BlackElo "2001"]
[BlackTitle "WFM"]
[BlackCountry "GRE"]
[BlackFideId "4207750"]
[BlackEloChange "-5"]

1. d4 {[%clk 1:30:57]} Nf6 {[%clk 1:30:08]} 2. Nf3 {[%clk 1:29:43]} e6 {[%clk
1:30:28]} 3. g3 {[%clk 1:29:59]} Bb4+ {[%clk 1:30:29]} 4. c3 {[%clk 1:30:08]} Be7
{[%clk 1:30:32]} 5. Bg2 {[%clk 1:30:11]} O-O {[%clk 1:30:55]} 6. O-O {[%clk
1:30:24]} d5 {[%clk 1:29:55]} 7. c4 {[%clk 1:30:27]} b6 {[%clk 1:18:23]} 8. cxd5
{[%clk 1:27:03]} Nxd5 {[%clk 1:17:50]} 9. e4 {[%clk 1:26:30]} Nf6 {[%clk
1:18:05]} 10. Nc3 {[%clk 1:25:21]} Bb7 {[%clk 1:18:27]} 11. Ne5 {[%clk 1:14:50]}
Nbd7 {[%clk 1:14:48]} 12. Nc4 {[%clk 1:12:13]} Re8 {[%clk 0:47:06]} 13. Re1
{[%clk 1:06:49]} Bb4 {[%clk 0:38:23]} 14. Bf4 {[%clk 0:51:57]} Bxc3 {[%clk
0:34:06]} 15. bxc3 {[%clk 0:52:13]} Nf8 {[%clk 0:33:50]} 16. Bg5 {[%clk 0:48:01]}
Rb8 {[%clk 0:21:38]} 17. Rb1 {[%clk 0:40:09]} h6 {[%clk 0:21:14]} 18. Bxf6 {[%clk
0:38:20]} gxf6 {[%clk 0:19:59]} 19. Qh5 {[%clk 0:36:12]} Kg7 {[%clk 0:18:36]} 20.
Ne3 {[%clk 0:36:08]} Ng6 {[%clk 0:16:40]} 21. f4 {[%clk 0:35:48]} Rh8 {[%clk
0:08:16]} 22. f5 {[%clk 0:30:32]} Nf8 {[%clk 0:05:19]} 23. Qg4+ {[%clk 0:27:13]}
Kh7 {[%clk 0:05:33]} 24. Qh5 {[%clk 0:27:07]} Kg7 {[%clk 0:05:08]} 25. Rbd1
{[%clk 0:25:32]} Qe7 {[%clk 0:04:54]} 26. e5 {[%clk 0:25:01]} Bxg2 {[%clk
0:04:44]} 27. Kxg2 {[%clk 0:24:15]} c6 {[%clk 0:03:53]} 28. Ng4 {[%clk 0:20:42]}
Nd7 {[%clk 0:04:09]} 29. fxe6 {[%clk 0:20:57]} fxe6 {[%clk 0:03:59]} 30. exf6+
{[%clk 0:20:39]} Nxf6 {[%clk 0:04:25]} 31. Nxf6 {[%clk 0:19:45]} Qxf6 {[%clk
0:04:48]} 32. Rf1 {[%clk 0:20:00]} Qg6 {[%clk 0:03:52]} 33. Qe5+ {[%clk 0:20:19]}
Kh7 {[%clk 0:04:15]} 34. Qc7+ {[%clk 0:20:39]} 1-0

[Event "Greek Team Championship"]
[Site "chess24.com"]
[Date "2017.07.08"]
[Round "7"]
[White "Salahidou, Reveka"]
[Black "Serpetsidaki, Eva"]
[Result "1-0"]
[Board "6"]
[WhiteElo "1951"]
[WhiteCountry "GRE"]
[WhiteFideId "4230612"]
[WhiteEloChange "3"]
[BlackElo "1623"]
[BlackCountry "GRE"]
[BlackFideId "4248902"]
[BlackEloChange "-3"]

1. d4 {[%clk 1:29:48]} Nf6 {[%clk 1:29:16]} 2. Nf3 {[%clk 1:30:11]} e6 {[%clk
1:29:36]} 3. e3 {[%clk 1:30:24]} d5 {[%clk 1:27:31]} 4. Bd3 {[%clk 1:30:28]} Bd6
{[%clk 1:26:23]} 5. O-O {[%clk 1:28:42]} O-O {[%clk 1:26:47]} 6. b3 {[%clk
1:28:49]} b6 {[%clk 1:24:07]} 7. Bb2 {[%clk 1:28:47]} Bb7 {[%clk 1:24:04]} 8. Ne5
{[%clk 1:27:40]} Nfd7 {[%clk 1:15:56]} 9. f4 {[%clk 1:25:52]} f6 {[%clk 1:10:16]}
10. Qh5 {[%clk 0:48:24]} f5 {[%clk 1:10:01]} 11. Nd2 {[%clk 0:45:17]} Nf6 {[%clk
1:09:11]} 12. Qe2 {[%clk 0:44:42]} Nbd7 {[%clk 1:02:25]} 13. Ndf3 {[%clk
0:44:34]} Qe7 {[%clk 0:58:50]} 14. Ng5 {[%clk 0:37:47]} Ne4 {[%clk 0:56:09]} 15.
Bxe4 {[%clk 0:14:57]} Bxe5 {[%clk 0:50:24]} 16. Bxf5 {[%clk 0:11:55]} Rxf5 {[%clk
0:50:45]} 17. dxe5 {[%clk 0:11:58]} h6 {[%clk 0:50:13]} 18. Nf3 {[%clk 0:11:55]}
a5 {[%clk 0:48:15]} 19. Nd4 {[%clk 0:11:12]} Rff8 {[%clk 0:46:53]} 20. Qg4 {[%clk
0:11:32]} Rae8 {[%clk 0:45:16]} 21. Rf3 {[%clk 0:08:22]} Ba6 {[%clk 0:44:15]} 22.
Rh3 {[%clk 0:08:17]} Kh7 {[%clk 0:43:40]} 23. Rg3 {[%clk 0:06:57]} c5 {[%clk
0:43:09]} 24. Nxe6 {[%clk 0:06:27]} Rf7 {[%clk 0:37:38]} 25. Nc7 {[%clk 0:02:16]}
Rc8 {[%clk 0:37:57]} 26. Nxd5 {[%clk 0:01:46]} Qf8 {[%clk 0:37:16]} 27. e6 {[%clk
0:01:47]} Nf6 {[%clk 0:36:56]} 28. Qg6+ {[%clk 0:01:44]} 1-0